000 01696nam a2200505 i 4500
001 36809
003 KOSZ 005
005 20240405063116.0
008 000323s2000 pl f f |000 0 pol
015 _aPB 2000/7703
020 _a8388296051
035 _a991013654949705066
035 _a(PL-WaBN)b13676283-48omnis_nlop
035 _ab13676283
035 _a(OCoLC)830243184
035 _a(PL)b0000001367628
035 _a(EXLNZ-48OMNIS_NETWORK)9910323342605606
040 _aWA N
_cWA N
_dKOSZ 005/HR
041 0 _apol
080 _a352/353(438)"1989/..."
080 _a(075.8)
100 1 _aByjoch, Krzysztof
_eAutor
245 1 0 _aSamorząd terytorialny po reformie ustrojowej państwa /
_cKrzysztof Byjoch, Jerzy Sulimierski, Jan Paweł Tarno.
260 _aWarszawa :
_bWydawnictwa Prawnicze PWN,
_c2000.
300 _a226 s. ;
_c21 cm.
336 _2rdacontent
_aTekst
_btxt
337 _2rdamedia
_aBez urządzenia pośredniczącego
_bn
338 _2rdacarrier
_aWolumin
_bnc
380 _aKsiążki
380 _aPublikacje dydaktyczne
385 _mPoziom nauczania
_aSzkoły wyższe
388 _a1901-2000
388 _a1989-2000
648 7 _a1901-2000
648 7 _a1989-2000
650 7 _aSamorząd terytorialny
_2DBN
651 7 _aPolska
655 7 _aPodręczniki akademickie
_2DBN
658 _aPolityka, politologia, administracja publiczna
700 1 _aSulimierski, Jerzy
_eAutor
700 1 _aTarno, Jan Paweł
_d(1951- )
_eAutor
856 _uhttp://koha.tu.koszalin.pl/cgi-bin/koha/opac-detail.pl?biblionumber=36809
_yKatalog online BPK
942 _2UKD
_cKS
999 _c36809
_d36809